000 01716cam a2200505 a 4500
999 _c56042
001 12033056
003 LIBRIS
005 20210217124940.0
008 101111s2011 sw |||| |00| 0 swe
020 _a9789153436645 (inb.)
035 _a(Bo)471341
040 _aLGEN
_dS
082 0 4 _a712.09485
_222/swe
084 _aIcu
_2kssb/8 (machine generated)
100 1 _aEnglander, Peter,
_d1956-
_0342555
245 1 0 _aTrädgårdstoppen /
_ctext: Peter Englander ; foto: Ola Magnestam ...
260 _aVästerås :
_bIca,
_c2011
_e(Slovenien)
300 _a126 s. :
_bill. ;
_c28 cm
650 7 _aTrädgårdar
_zSverige
_2sao
650 7 _aTrädgårdskonst
_zSverige
_2sao
700 1 _aMagnestam, Ola,
_d1977-
_4pht
_0342556
942 _2z
_cBOOK